|
|
|
|
| LEADER |
00804cam a2200241 7i4500 |
| 001 |
0000022609 |
| 005 |
20090608090000.0 |
| 008 |
080606 eng |
| 020 |
|
|
|a 1564142434 (pbk.)
|
| 020 |
|
|
|a 9781564142436
|
| 040 |
|
|
|a DLC
|
| 090 |
0 |
0 |
|a HF5385
|b .C63 1996
|
| 245 |
0 |
0 |
|a Coaching, mentoring, and managing
|c edited by William Hendricks with Sam Bartlett...[et al.].
|
| 260 |
|
|
|a Franklin Lakes, NJ:
|b Career Press,
|c 1996.
|
| 300 |
|
|
|a 248 p.:
|b ill.;
|c 26 cm.
|
| 500 |
|
|
|a Includes index
|
| 650 |
0 |
0 |
|a Employees --
|x Coaching of
|
| 650 |
0 |
0 |
|a Employees --
|x Counseling of
|
| 650 |
0 |
0 |
|a Mentoring in business
|
| 650 |
0 |
0 |
|a Employees --
|x Training of
|
| 700 |
1 |
|
|a Hendricks, William
|
| 700 |
1 |
|
|a Bartlett, Sam
|
| 999 |
|
|
|a 0000019861
|b BOK
|c OPEN SHELF
|e 1st Floor, Bestari Jaya
|